Foreign policy and diplomacy.

Saved in:
Bibliografiske detaljer
Hovedforfatter: KUMAR, Prabhat
Format: Bog
Sprog:engelsk
Udgivet: Ane Books pvt.Ltd. 2018.
Tags: Tilføj Tag
Ingen Tags, Vær først til at tagge denne postø!

MARC

LEADER 00000nam a22000007a 4500
008 210908b ||||| |||| 00| 0 eng d
020 |a 9789306761132 
100 |a KUMAR, Prabhat. 
245 |a Foreign policy and diplomacy.  |c Prabhat, Kumar.  |g vi,296p.ill. 
260 |b Ane Books pvt.Ltd.  |c 2018.  |d Book.  |h New Delhi.  |i 696916  |i 696917  |l JX 1395.K96  |m International relations 
500 |a "It includes bibliography and index" 
942 |a lcc  |c BK  |e Olagoke,M.A.  |f 09/09/2021 
952 |0 0  |1 0  |2 lcc  |4 0  |7 0  |9 3447  |a HOL  |b SSL  |c GJ  |d 2021-09-08  |o  JX 1395.K96  |p 2021-67158  |r 2021-09-08 00:00:00  |t 696917  |w 2021-09-08  |y BK 
952 |0 0  |1 0  |2 lcc  |4 0  |7 0  |9 3448  |a HOL  |b HOL  |c GJ  |d 2021-09-08  |o  JX 1395.K96  |p 2021-67159  |r 2021-09-08 00:00:00  |t 696916  |w 2021-09-08  |y BK 
999 |c 1716  |d 1716